书目信息 |
| 题名: |
汉张迁碑
|
|
| 作者: | ;历代碑帖法书选编辑组 编 | |
| 分册: | ||
| 出版信息: | 北京 文物出版社 1982 |
|
| 页数: | 43页 | |
| 开本: | 25cm | |
| 丛书名: | ||
| 单 册: | ||
| 中图分类: | J292.22 | |
| 科图分类: | ||
| 主题词: | 隶书-碑帖--中国--东汉时代 , 碑帖-隶书--中国--东汉时代 | |
| 电子资源: | ||
| ISBN: | ||
| 000 | 00744nam0 2200265 45 | |
| 001 | 0182007764 | |
| 005 | 20040520110729.1 | |
| 010 | @dCNY0.50 | |
| 091 | @a8068.1078 | |
| 100 | @a19950522d1982 em y0chiy0121 ea | |
| 101 | 0 | @achi |
| 102 | @aCN@b110000 | |
| 105 | @ay z 000yy | |
| 106 | @ar | |
| 200 | 10 | @a汉张迁碑@Ahan zhang qian bei@f《历代碑帖法书选》编辑组编 |
| 205 | @b影印本 | |
| 210 | @a北京@c文物出版社@d1982 | |
| 215 | @a43页@d25cm | |
| 606 | @a隶书-碑帖@y中国@z东汉时代 | |
| 606 | @a碑帖-隶书@y中国@z东汉时代 | |
| 690 | @aJ292.22@v3 | |
| 711 | 02 | @a历代碑帖法书选编辑组@Ali dai bei tie fa shu xuan bian ji zu@4编 |
| 801 | 0 | @aCN@b上海图书馆@c20040520 |
| 801 | 2 | @aCN@bNLC@c20040520 |
| 905 | @f1@b207926@dJ292.22@e171 | |
| 汉张迁碑/《历代碑帖法书选》编辑组编.-影印本.-北京:文物出版社,1982 |
| 43页;25cm |
| ISBN :CNY0.50 |
| ● |
| 相关链接 |
|
|
|
|
正题名:汉张迁碑
索取号:J292.22/171
 
预约/预借
| 序号 | 登录号 | 条形码 | 馆藏地/架位号 | 状态 | 备注 |
| 1 | 0207926 | 001210237 | 第一借阅区/ [索取号:J292.22/171] | 在馆 | |
| 2 | 0207927 | 001207624 | 第一样本阅览室/ [索取号:J292.22/171] | 在馆 |